Normal view
MARC view
- آل وادي، علي شناوة
Entry Personal Name
001 - CONTROL NUMBER
- control field: 66342
003 - CONTROL NUMBER IDENTIFIER
- control field: JO-AjAnu
005 - DATE AND TIME OF LATEST TRANSACTION
- control field: 20241019120615.0
008 - FIXED-LENGTH DATA ELEMENTS
- fixed length control field: 241019|| aca||aabn | a|a d
040 ## - CATALOGING SOURCE
- Original cataloging agency: JO-AjAnu
100 ## - HEADING--PERSONAL NAME
- Personal name: آل وادي، علي شناوة
- Relator term: مؤلف